Scully’s medical problems in dentistry

Saved in:
Bibliographic Details
Main Author: SCULLY, Crispian
Format: Book
Language:English
Published: Elsevier 2014
Tags: Add Tag
No Tags, Be the first to tag this record!

MARC

LEADER 00000nam a22000007a 4500
008 201215b ||||| |||| 00| 0 eng d
020 |a 978-0-7020-5401-3 
100 |a SCULLY, Crispian. 
245 |a Scully’s medical problems in dentistry  |c Crispian Scully  |g viii, 823p.; ill. 
250 |b 7th ed. 
260 |b  Elsevier  |c 2014  |h  London  |i 685085  |l RK55 .Scu4  
500 |a It includes index 
942 |a lcc  |c BK  |e ADEYEYE Y. S.  |f 15/12/2020 
952 |0 0  |1 0  |2 lcc  |4 0  |6 RK0055 S C U4  |7 0  |9 545  |a HOL  |b HOL  |c QZ  |d 2020-12-15  |l 0  |o RK55 .Scu4   |p 2020-2267  |r 2020-12-15 00:00:00  |w 2020-12-15  |y BK 
999 |c 295  |d 295